Is the Protection of the Rights of Unsecured Creditors in Restructuring in the Present Reality?
Zákon č. 87/2015 a z. č. 513/1991 Občianskeho zákonníka. Z. č. 7/2005 o bankrote a reštrukturalizácii. Analýza zákonov s cieľom posúdenia pozitívneho vplyvu na ochranu nezabezpečeného veriteľa v reštrukturalizačnom procese.
Salvato in:
| Autore principale: | |
|---|---|
| Altri autori: | |
| Natura: | Capitolo di libro |
| Lingua: | inglese |
| Soggetti: | |
| Tags: |
Nessun Tag, puoi essere il primo ad aggiungerne!!
|
MARC
| LEADER | 00000naa a2200000 4500 | ||
|---|---|---|---|
| 001 | 0213021 | ||
| 005 | 20240502083534.3 | ||
| 041 | 0 | |a eng | |
| 044 | |a UA | ||
| 245 | 1 | 0 | |a Is the Protection of the Rights of Unsecured Creditors in Restructuring in the Present Reality? |c Oľga Kmeťová, Magdaléna Freňáková |
| 520 | |a Zákon č. 87/2015 a z. č. 513/1991 Občianskeho zákonníka. Z. č. 7/2005 o bankrote a reštrukturalizácii. Analýza zákonov s cieľom posúdenia pozitívneho vplyvu na ochranu nezabezpečeného veriteľa v reštrukturalizačnom procese. | ||
| 610 | 2 | 0 | |a veritelia |
| 610 | 2 | 0 | |a zabezpečenie záväzkov |
| 610 | 2 | 0 | |a ochrana právna |
| 610 | 2 | 0 | |a reštrukturalizácia |
| 100 | 1 | |a Kmeťová, Oľga, 1959- | |
| 700 | 1 | |a Freňáková, Magdaléna, 1981- | |